Las políticas de Derechos Humanos de Argentina y Chile y su impacto en las víctimas /

Enfrentados con un legado de masivas violaciones a los derechos humanos, los gobiernos de transición deben no sólo reparar los males del pasado sino también evitar que los mismos se vuelvan a cometer. Para ello disponen de una variedad de mecanismos político-legales que van desde la total amnistía a...

Descripción completa

Detalles Bibliográficos
Autor principal: Azconegui, María C.
Formato: Analitica de revista
Lenguaje:inglés
Publicado: Santiago, Chile Arcis 2008-2009
Acceso en línea:

MARC

LEADER 00000cab a2200000 a 4500
001 024627
003 UAHC_CL
005 20170817144611.0
008 120306b2006 xx j 000 1 eng
952 |0 0  |1 0  |4 0  |6 AMERICA_LATINA08_08_000000000000000  |7 0  |8 General  |9 49199  |a BC  |b BC  |c General  |d 2017-08-03  |l 0  |o AMERICA LATINA-08/08  |p FICTICIO247  |r 2019-01-08 00:00:00  |t 1  |w 2017-08-03  |y REVA 
999 |c 24627  |d 24627 
022 |a 07177097 
040 |a UAHC_CL  |c UAHC_CL  |d UAHC_CL 
100 1 |a Azconegui, María C. 
245 1 4 |a Las políticas de Derechos Humanos de Argentina y Chile y su impacto en las víctimas /  |c María C. Azconegui. 
260 |b Arcis  |a Santiago, Chile  |c 2008-2009 
300 |a p. 293-326 
500 |a En: América Latina, n˚8, 2008-2009. ISBN 07177097. p. 293-326. 
520 |a Enfrentados con un legado de masivas violaciones a los derechos humanos, los gobiernos de transición deben no sólo reparar los males del pasado sino también evitar que los mismos se vuelvan a cometer. Para ello disponen de una variedad de mecanismos político-legales que van desde la total amnistía al enjuiciamiento de todos los responsables, pasando por las comisiones de la verdad y los purgamientos institucionales. Este trabajo analizará las políticas implementadas en Argentina y Chile y su impacto en un grupo específico de víctimas: exiliados argentinos y chilenos radicados en Melbourne, Australia. 
773 0 |t América Latina : revista del doctorado en procesos sociales y políticos en América Latina  |w 024597 
900 |a AMERICA LATINA-08/08 
942 |c REVA  |2 ddc